| Tag |
First Indicator |
Second Indicator |
Subfields |
| LEADER |
00000cam a2200000 i 4500 |
| 001 |
in00000487576 |
| 005 |
20151013055143.0 |
| 008 |
760129s1976 cau b 00000 eng |
| 010 |
|
|
|a 74021570
|
| 020 |
|
|
|a 0883900947 :
|c $7.50
|
| 035 |
|
|
|a (OCoLC)01997374
|
| 035 |
|
|
|9 ACC4667AM
|
| 040 |
|
|
|a DLC
|c DLC
|d TXA
|d UtOrBLW
|
| 043 |
|
|
|a n-us---
|
| 049 |
|
|
|a TXAM
|c [1551693]
|
| 050 |
0 |
0 |
|a HF5549.5.M5
|b R4
|
| 082 |
0 |
|
|a 301.45/1/0420973
|
| 245 |
0 |
0 |
|a Readings in minority-group relations /
|c edited by David L. Ford, Jr.
|
| 264 |
|
1 |
|a La Jolla, Calif. :
|b University Associates,
|c [1976]
|
| 264 |
|
4 |
|c ©1976
|
| 300 |
|
|
|a ix, 356 pages ;
|c 23 cm.
|
| 336 |
|
|
|a text
|b txt
|2 rdacontent
|
| 337 |
|
|
|a unmediated
|b n
|2 rdamedia
|
| 338 |
|
|
|a volume
|b nc
|2 rdacarrier
|
| 504 |
|
|
|a Includes bibliographies.
|
| 650 |
|
0 |
|a Minorities
|x Employment
|z United States.
|
| 650 |
|
0 |
|a African Americans
|x Employment.
|
| 650 |
|
0 |
|a Race relations.
|
| 650 |
|
0 |
|a Personnel management
|z United States.
|
| 700 |
1 |
|
|a Ford, David L.
|
| 740 |
0 |
|
|a Minority-group relations.
|
| 999 |
|
|
|a MARS
|
| 999 |
f |
f |
|s 222e92a8-1372-3e8d-a9a4-47dff3b63a8a
|i 468e793e-050b-3e79-9e02-43f1067b80b4
|t 0
|
| 952 |
f |
f |
|p ric
|a Texas A&M University
|b Rellis Campus
|c Joint Library Facility
|d Remote Storage
|t 0
|e HF5549.5.M5 R4
|h Library of Congress classification
|i unmediated -- volume
|m A14802824342
|
| 998 |
f |
f |
|a HF5549.5.M5 R4
|t 0
|l Remote Storage
|